[Event "DSV-Turnier"]
[Site "Halle"]
[Date "1978.??.??"]
[Round "4"]
[White "Meduna, Eduard"]
[Black "Hort, Vlastimil"]
[Result "1/2-1/2"]
[WhiteElo "2435"]
[BlackElo "2620"]

1.c4 e6 2.Nc3 Nf6 3.Nf3 c5 4.g3 b6 5.Bg2 Bb7 6.O-O Be7 7.d4 cxd4 8.Qxd4 d6
9.b3 O-O 10.e4 Nbd7 11.Qe3 a6 12.Bb2 Qc7 13.Nd4 Rfe8 14.Rfe1 Bf8 15.h3 Rac8
16.Qd2 Qb8 17.Re2 Ne5 18.Ree1 Nfd7 19.Rad1 Nc5 20.Ba1 Ba8 21.Kh2 Nc6 22.Nce2 Ne5
23.Nc3 Bb7 24.Kg1 Qa8 25.f4 Nc6 26.Nc2 Qb8 27.Kh2 Nd7  1/2-1/2

[Event "DSV-Turnier"]
[Site "Halle"]
[Date "1978.??.??"]
[Round "6"]
[White "Espig, Lutz"]
[Black "Vogt, Lothar"]
[Result "1/2-1/2"]
[WhiteElo "2470"]
[BlackElo "2520"]

1.Nf3 Nf6 2.c4 c5 3.Nc3 e6 4.g3 b6 5.Bg2 Bb7 6.O-O Be7 7.b3 d6 8.d4 cxd4
9.Qxd4 O-O 10.Ba3 Nc6 11.Qf4 d5 12.Bxe7 Nxe7 13.Rfd1 Ng6 14.Qe3 Qe7 15.cxd5 Nxd5
16.Nxd5 Bxd5 17.Nd4 Bxg2 18.Kxg2 Rac8 19.Rac1 h6 20.Qe4 Rfe8 21.a4 Qb4 22.Rxc8 Rxc8
23.Qb7 Rd8 24.Nc2 Qf8 25.Rxd8 Qxd8 26.Ne3 Qe7 27.Qa8+ Nf8 28.Nc4 f6 29.h4 Qd7
30.e4 b5 31.axb5 Qxb5 32.Qxa7 Qxb3 33.Nd6 e5 34.h5 Qe6 35.Qb8 Qe7 36.Nf5 Qf7
37.g4 Kh7 38.Kh3 Ne6  1/2-1/2

[Event "DSV-Turnier"]
[Site "Halle"]
[Date "1978.??.??"]
[Round "8"]
[White "Uhlmann, Wolfgang"]
[Black "Vogt, Lothar"]
[Result "1/2-1/2"]
[WhiteElo "2575"]
[BlackElo "2520"]

1.c4 c5 2.Nf3 Nf6 3.Nc3 e6 4.g3 b6 5.Bg2 Bb7 6.O-O Be7 7.b3 d6 8.d4 cxd4
9.Nxd4 Bxg2 10.Kxg2 a6 11.Bb2 O-O 12.e4 Qc7  1/2-1/2

[Event "DSV-Turnier"]
[Site "Halle"]
[Date "1978.??.??"]
[Round "13"]
[White "Espig, Lutz"]
[Black "Giorgadze, Tamaz"]
[Result "1/2-1/2"]
[WhiteElo "2470"]
[BlackElo "2525"]

1.Nf3 Nf6 2.c4 c5 3.Nc3 d5 4.cxd5 Nxd5 5.e3 Nxc3 6.bxc3 g6 7.d4 Bg7 8.Bd3 O-O
9.O-O Nd7 10.Qe2 e5 11.Bb2 Re8 12.dxe5 Nxe5 13.Nxe5 Bxe5 14.f4 Bg7 15.e4  1/2-1/2

[Event "DEN-ch"]
[Site "Horsens"]
[Date "1978.??.??"]
[Round "1"]
[White "Mortensen, Erling"]
[Black "Rosenlund, Thorbjorn"]
[Result "1/2-1/2"]
[WhiteElo "2365"]
[BlackElo "2340"]

1.c4 c5 2.Nf3 Nf6 3.Nc3 e6 4.e3 Nc6 5.d4 d5 6.cxd5 exd5 7.Be2 cxd4 8.Nxd4 Bd6
9.O-O O-O 10.b3 Be5 11.Nxc6 bxc6 12.Bb2 Ne4 13.Qc2 Bf5 14.Bd3 Re8 15.Rfd1 Qh4
16.f4 Bxc3 17.Bxc3 Nxc3 18.Qxc3 Rxe3 19.Qxc6  1/2-1/2

[Event "DEN-ch"]
[Site "Horsens"]
[Date "1978.??.??"]
[Round "2"]
[White "Kolbak, Jens"]
[Black "Fries Nielsen, Jens Ove"]
[Result "1/2-1/2"]
[WhiteElo "2350"]
[BlackElo "2300"]

1.Nf3 Nf6 2.c4 c5 3.Nc3 e6 4.g3 b6 5.Bg2 Bb7 6.O-O Be7 7.b3 O-O 8.Bb2 d6
9.Rc1 a6 10.d3 Nc6 11.e3 b5 12.Qe2 Qb6 13.Rfd1 Rfe8 14.d4 cxd4 15.Nxd4 Nxd4
16.Rxd4 Bxg2 17.Kxg2 bxc4 18.Rxc4 Qb7+ 19.e4 Rec8 20.f3 Rxc4 21.Qxc4 Rc8
22.Qd4 Ne8 23.Na4 Rxc1 24.Bxc1 Qb5  1/2-1/2

[Event "Jakarta"]
[Site "Jakarta"]
[Date "1978.??.??"]
[Round "?"]
[White "Shirazi, Kamran G"]
[Black "Chandler, Murray G"]
[Result "0-1"]
[WhiteElo "2285"]
[BlackElo "2390"]

1.c4 c5 2.Nf3 Nf6 3.Nc3 d5 4.cxd5 Nxd5 5.g3 Nc6 6.Bg2 Nxc3 7.bxc3 g6 8.O-O Bg7
9.Qa4 Bd7 10.Rb1 b6 11.Ng5 Qc7 12.Qc4 O-O 13.d4 cxd4 14.cxd4 Rac8 15.Bf4 Qd8
16.d5 Nd4 17.Qa6 Rc5 18.Qxa7 Nxe2+ 19.Kh1 Nxf4 20.gxf4 Bf5 21.Rbe1 h6 22.d6 exd6
23.Ne4 Ra5 24.Qb7 d5 25.Ng3 Bd3 26.Rg1 d4 27.Qf3 Bc4 28.f5 Qf6 29.Rc1 Bd5
30.Qd3 Bxg2+ 31.Rxg2 Rc5 32.Rcg1 Qc6 33.fxg6 fxg6 34.Ne4 Rc1 35.Rxg6 Qxg6
36.Rxc1 Qf7 37.Kg2 Re8 38.Rc2 Qg6+ 39.Qg3 Qxe4+  0-1

[Event "Jakarta"]
[Site "Jakarta"]
[Date "1978.??.??"]
[Round "?"]
[White "O'Kelly de Galway, Alberic"]
[Black "Chandler, Murray G"]
[Result "0-1"]
[WhiteElo "2460"]
[BlackElo "2390"]

1.c4 Nf6 2.Nc3 c5 3.Nf3 d5 4.cxd5 Nxd5 5.g3 Nc6 6.Bg2 Nc7 7.d3 e5 8.Nd2 Bd7
9.Nc4 b5 10.Ne3 Rc8 11.O-O Nd4 12.Bd2 Be6 13.Nc2 Be7 14.f4 exf4 15.Bxf4 O-O
16.Kh1 Qd7 17.e4 b4 18.Ne2 Nxc2 19.Qxc2 Nb5 20.Be3 Bf6 21.Nf4 Rfd8 22.Rad1 Nd4
23.Bxd4 Bxd4 24.b3 Be5 25.Nxe6 Qxe6 26.Rf3 Rc7 27.Rc1 g6 28.Qc4 Qxc4 29.Rxc4 a5
30.Bf1 a4 31.Rf2 Bd4 32.Rfc2 axb3 33.axb3 Ra7 34.Rc1 Ra3 35.Rb1 Ra2 36.Rcc1 Rda8
37.Re1 Rd2 38.Re2 Rxe2 39.Bxe2 Ra2 40.Bg4 Rd2 41.Bd7 Rxd3 42.Bc6 c4 43.Bb5 Rxb3
44.Rxb3 cxb3 45.Kg2 Kg7 46.Bc4 b2 47.Bd3 Kf6 48.Kf3 Ke5 49.Bb1 Bg1 50.h3 h5
51.g4 h4 52.Bd3 b3 53.Bb1 g5 54.Bd3 f6 55.Bb1 Bc5 56.Bd3 b1=Q 57.Bxb1 Kd4
58.Ke2 Kc3 59.Bd3 Kb2 60.Kd1 Ka1  0-1

[Event "Kiev"]
[Site "Kiev"]
[Date "1978.??.??"]
[Round "3"]
[White "Adamski, Jan"]
[Black "Lerner, Konstantin Z"]
[Result "0-1"]
[WhiteElo "2470"]
[BlackElo "2445"]

1.c4 Nf6 2.Nf3 c5 3.Nc3 e6 4.g3 d5 5.cxd5 Nxd5 6.Bg2 Nc6 7.O-O Be7 8.d4 O-O
9.Nxd5 exd5 10.dxc5 Bxc5 11.b3 Bf5 12.Bb2 Re8 13.Rc1 Qd6 14.e3 Rad8 15.Qd2 Bb4
16.Bc3 Ba3 17.Bb2 Be4 18.Rfd1 Bxb2 19.Qxb2 Qe7 20.Rd2 Rd6 21.Nd4 h5 22.Bxe4 Qxe4
23.Qa3 Rf6 24.Nxc6 bxc6 25.Qa6 h4 26.Qf1 Qf5 27.Rd4 hxg3 28.hxg3 g5 29.b4 Kg7
30.b5 c5 31.Rxc5 Rxe3 32.Rcxd5 Rxg3+ 33.Kh2 Qf3 34.Rd6 Rxd6 35.Rxd6 Rg4 36.Qa1+ f6
37.Rd7+ Kh6  0-1

[Event "Kiev"]
[Site "Kiev"]
[Date "1978.??.??"]
[Round "12"]
[White "Lehmann, Heinz Dr"]
[Black "Alburt, Lev O"]
[Result "0-1"]
[WhiteElo "2405"]
[BlackElo "2515"]

1.c4 c5 2.Nc3 Nf6 3.Nf3 e6 4.e3 Nc6 5.d4 d5 6.a3 a6 7.dxc5 Bxc5 8.b4 Ba7
9.Bb2 O-O 10.Qc2 Qe7 11.Rd1 Rd8 12.Be2 d4 13.exd4 Nxd4 14.Nxd4 Bxd4 15.O-O e5
16.Na4 Bd7 17.Bxd4 Bxa4 18.Qxa4 Rxd4 19.Qc2 Rad8 20.Rxd4 exd4 21.Bd3 g6 22.Qd2 Kg7
23.Re1 Qd6 24.Qg5 Qd7 25.Qc1 Qc7 26.Qg5 h6 27.Qd2 Ng4 28.g3 Ne5 29.Qf4 f6
30.c5 Rd7 31.Qe4 Qc6 32.Qxc6 bxc6 33.Rd1 Nxd3 34.Rxd3 f5 35.Kf1 Kf6 36.Rd1 Ke5
37.Ke2 Ke4 38.Re1 a5 39.Rb1 axb4 40.Rxb4 Re7 41.a4 f4 42.gxf4 Kd5+ 43.Kd3 Re4
44.f5 g5 45.Rb8 Rf4 46.Rf8 Rxf2 47.f6 Rf3+ 48.Ke2 g4 49.a5 Kxc5 50.f7 Re3+
51.Kd2 Re7 52.Kd3 Rd7 53.a6 Re7 54.Kd2 h5 55.Kd3 h4 56.Rg8 Rxf7 57.Rg5+ Kb4
58.Kxd4 c5+ 59.Kd5 Kb5 60.Rxg4 Rd7+ 61.Ke6 Rh7 62.a7 Rxa7 63.Rxh4 c4 64.Re4 c3
65.Re2 Ra4 66.Kf5 Rd4 67.Kg5 Rd2 68.Re5+ Kc4  0-1

[Event "Kiev"]
[Site "Kiev"]
[Date "1978.??.??"]
[Round "13"]
[White "Ftacnik, Lubomir"]
[Black "Adamski, Jan"]
[Result "1/2-1/2"]
[WhiteElo "2380"]
[BlackElo "2470"]

1.c4 Nf6 2.Nf3 c5 3.Nc3 d5 4.cxd5 Nxd5 5.g3 Nc6 6.Bg2 g6 7.Qb3 Nb6 8.Qb5 Nd7
9.e3 Bg7 10.O-O O-O 11.Rd1 Qb6 12.Qe2 Nde5 13.Nxe5 Bxe5 14.b3 Bd7 15.Bb2 Qa5
16.a3 Bg7 17.d4 cxd4 18.Ne4 Qb6 19.b4 Rad8 20.Nc5 Bc8 21.Na4 d3 22.Rxd3 Qb5
23.Bxg7 Kxg7 24.Qb2+ Qe5 25.Bxc6 Qxb2 26.Nxb2 Rxd3 27.Nxd3 bxc6 28.Ne5 Bb7
29.Rd1 Rb8 30.f4 f6 31.Nd7 Rd8 32.Rd4 Bc8 33.Nc5 Rxd4 34.exd4 g5 35.fxg5 fxg5
36.Kf2 Kf6 37.Kf3 h6 38.h4 gxh4 39.gxh4 Bh3 40.Kf4 Bf1 41.Ke4  1/2-1/2

[Event "Makarczyk mem+"]
[Site "Lodz"]
[Date "1978.??.??"]
[Round "2"]
[White "Lengyel, Levente"]
[Black "Niklasson, Christer"]
[Result "1/2-1/2"]
[WhiteElo "2430"]
[BlackElo "2340"]

1.c4 c5 2.Nf3 Nf6 3.Nc3 b6 4.e4 d6 5.d4 cxd4 6.Nxd4 Bb7 7.f3 e6 8.Be2 Be7
9.O-O O-O 10.Be3 Nbd7 11.Nc2 a6 12.Qd2 Qb8 13.Rfd1 Ra7 14.Bf1 Ba8 15.Rac1 Rc8
16.Bf2 Rac7  1/2-1/2

[Event "Makarczyk mem"]
[Site "Lodz"]
[Date "1978.??.??"]
[Round "3"]
[White "Ghitescu, Theodor"]
[Black "Witkowski, Stefan"]
[Result "1/2-1/2"]
[WhiteElo "2450"]
[BlackElo "2365"]

1.c4 Nf6 2.Nc3 c5 3.Nf3 d5 4.cxd5 Nxd5 5.g3 Nc6 6.Bg2 Nc7 7.d3 g6 8.Be3 Ne6
9.O-O Bg7 10.Na4 O-O 11.Nxc5 Nxc5 12.Bxc5 Bxb2 13.Rb1 Bf6 14.Nd2 Qa5  1/2-1/2

[Event "Makarczyk mem"]
[Site "Lodz"]
[Date "1978.??.??"]
[Round "7"]
[White "Adamski, Jan"]
[Black "Lukacs, Peter"]
[Result "1/2-1/2"]
[WhiteElo "2470"]
[BlackElo "2460"]

1.c4 Nf6 2.Nf3 c5 3.Nc3 d5 4.cxd5 Nxd5 5.g3 Nc6 6.Bg2 Nc7 7.O-O e5 8.a3 f6
9.d3 Be7 10.Be3 O-O 11.Rc1 Be6 12.Ne4 b6 13.b4 f5 14.Neg5 Bd5 15.bxc5 b5
16.h4  1/2-1/2

[Event "Makarczyk mem"]
[Site "Lodz"]
[Date "1978.??.??"]
[Round "11"]
[White "Adamski, Jan"]
[Black "Witkowski, Stefan"]
[Result "1/2-1/2"]
[WhiteElo "2470"]
[BlackElo "2365"]

1.c4 Nf6 2.Nf3 c5 3.Nc3 d5 4.cxd5 Nxd5 5.e4 Nxc3 6.dxc3 Qxd1+ 7.Kxd1 Nc6
8.Be3 b6 9.Kc2 Bb7 10.Be2 g6 11.a4 Bg7 12.Rhd1 Rc8 13.Bb5 e5 14.a5 O-O 15.axb6 axb6
16.Rd7 Na5 17.Nd2 Rcd8 18.Rxd8 Rxd8 19.f3 Bf8 20.Nc4 Nxc4 21.Bxc4 Bc6 22.Bg5 Rb8
23.Ra7 Be8 24.Bd5 Kg7 25.Bd2 Bd6 26.b4 h6 27.Kb3 g5 28.Be3 Kg6 29.g4 Kf6
30.h4 gxh4 31.Bxh6 Kg6 32.Be3 h3 33.Ra2 cxb4 34.c4 Bc5 35.Bxc5 bxc5 36.Rh2 Rb6
37.Rxh3 Ra6 38.Rh8 Ba4+ 39.Kb2 Bd1 40.Rg8+ Kf6 41.g5+ Ke7 42.Rg7 b3 43.Rxf7+ Ke8
44.Rb7 Kf8 45.Kc3 Ra2 46.f4 exf4 47.e5 Rc2+ 48.Kxb3 Rg2+ 49.Kc3 Rg3+ 50.Kd2 Bh5
51.e6 Re3 52.Rc7 Re2+ 53.Kd3 Re3+ 54.Kc2 Re2+ 55.Kb3 Re3+ 56.Ka4 f3 57.g6  1/2-1/2

[Event "Makarczyk mem"]
[Site "Lodz"]
[Date "1978.??.??"]
[Round "14"]
[White "Espig, Lutz"]
[Black "Adamski, Jan"]
[Result "1/2-1/2"]
[WhiteElo "2470"]
[BlackElo "2470"]

1.Nf3 Nf6 2.c4 c5 3.Nc3 d5 4.cxd5 Nxd5 5.e3 Nxc3 6.bxc3 g6 7.d4 Bg7 8.Bc4 O-O
9.O-O Qc7 10.Bb3 b6 11.Ba3 Bb7 12.Rc1 e6 13.Qe2 Nd7 14.Rfd1 Rfd8 15.h3 Rac8
16.c4 cxd4 17.exd4 Qf4 18.Rc3 Nc5 19.Bc1 Qc7 20.Be3  1/2-1/2

[Event "Makarczyk mem"]
[Site "Lodz"]
[Date "1978.??.??"]
[Round "15"]
[White "Witkowski, Stefan"]
[Black "Skrobek, Ryszard"]
[Result "0-1"]
[WhiteElo "2365"]
[BlackElo "2460"]

1.c4 Nf6 2.Nc3 c5 3.Nf3 d5 4.cxd5 Nxd5 5.e4 Nb4 6.Bc4 Nd3+ 7.Kf1 Nc6 8.Qb3 e6
9.Na4 Ndb4 10.a3 Na5 11.Qc3 Nbc6 12.Bb5 Bd7 13.Rb1 a6 14.Be2 c4 15.Qe3 Nb3
16.Qb6 Ncd4 17.Nxd4 Bxa4 18.Qxd8+ Rxd8 19.Nxb3 Bxb3 20.h4 b5 21.Ke1 Bc2 22.Ra1 Bxe4
23.a4 Bxg2 24.Rg1 Bc6 25.axb5 Bxb5 26.Rg3 Rd4 27.h5 Re4 28.Kd1 Bc5 29.Rxg7 Bxf2
30.b3 Bd4  0-1

[Event "Lone Pine op"]
[Site "Lone Pine"]
[Date "1978.??.??"]
[Round "2"]
[White "Larsen, Bent"]
[Black "Erlingsson, P."]
[Result "1-0"]
[WhiteElo "2620"]
[BlackElo "2270"]

1.Nf3 Nf6 2.c4 c5 3.Nc3 d5 4.cxd5 Nxd5 5.e3 Nc7 6.d4 e6 7.Bd3 Nd7 8.O-O Be7
9.Qc2 cxd4 10.exd4 h6 11.Bf4 O-O 12.Rac1 Nf6 13.Qd2 Nfd5 14.Bxc7 Nxc7 15.Bc2 Nd5
16.Qd3 g6 17.Nxd5 exd5 18.Ne5 Qb6 19.Bb3 Bf5 20.Qd2 Bg5 21.f4 Bf6 22.Rc5 Be7
23.Rxd5 Be6 24.Nd7 Bxd7 25.Rxd7 Bb4 26.Qe3 Rad8 27.Qh3 Bd2 28.Rd1 Bxf4 29.Rf1 Rxd7
30.Qxd7 Qf6 31.Rf3 Qd6 32.Qxd6 Bxd6 33.Rf6 Be7 34.Rxg6+ Kh7 35.Rg4 f5 36.Rf4 Bg5
37.Rf3 Bf6 38.d5 Bxb2 39.Bc2 Bd4+ 40.Kf1 Bc5 41.Bxf5+ Kg7 42.g4 b6 43.Ke2 Kf6
44.Rh3 Rh8 45.Be6 Be7 46.Rf3+ Ke5 47.Re3+ Kd4 48.Rh3 Ke5 49.Kd3 Bg5 50.Rh5 Kd6
51.h4 Bf6 52.Ke4 b5 53.Kf5 Bc3 54.Kg6 a5 55.Rxh6 Rxh6+ 56.Kxh6 b4 57.g5 a4
58.Bf5  1-0

[Event "Lone Pine op"]
[Site "Lone Pine"]
[Date "1978.??.??"]
[Round "3"]
[White "Zaltsman, Vitaly F"]
[Black "Verduga, Denis Homero"]
[Result "1-0"]
[WhiteElo "2440"]
[BlackElo "2355"]

1.c4 Nf6 2.Nf3 c5 3.Nc3 b6 4.e3 Bb7 5.d4 e6 6.d5 exd5 7.cxd5 d6 8.Be2 Be7
9.O-O O-O 10.e4 a6 11.a4 Nbd7 12.Qc2 Ne8 13.Bf4 Bf6 14.Rfe1 Rc8 15.Bf1 g5
16.Bg3 Qe7 17.Nd1 g4 18.Nd2 Be5 19.Ne3 h5 20.Nf5 Qf6 21.Bh4 Qh8 22.Nc4 f6
23.Bg3 Qh7 24.Ra3 Rd8 25.Rb3 b5 26.axb5 axb5 27.Rxb5 Bxg3 28.Rxb7 Be5 29.Ra1 Rf7
30.Raa7 Kh8 31.Na5 Rb8 32.Rxb8 Nxb8 33.Ra8  1-0

[Event "Lone Pine op"]
[Site "Lone Pine"]
[Date "1978.??.??"]
[Round "3"]
[White "Petursson, Margeir"]
[Black "Weinstein, Norman"]
[Result "1-0"]
[WhiteElo "2350"]
[BlackElo "2475"]

1.c4 Nf6 2.Nf3 c5 3.Nc3 e6 4.g3 b6 5.Bg2 Bb7 6.O-O Be7 7.d4 cxd4 8.Qxd4 d6
9.Rd1 a6 10.b3 Nbd7 11.Bb2 O-O 12.Ng5 Bxg2 13.Kxg2 Qc8 14.Rac1 Rd8 15.Qf4 h6
16.Nge4 Ne8 17.h4 Qb7 18.Kg1 b5 19.Qf3 Rab8 20.Nd2 Qxf3 21.exf3 Ne5 22.cxb5 axb5
23.Ba1 d5 24.Ne2 Bf6 25.Bxe5 Bxe5 26.f4 Bf6 27.Nf3 Rdc8 28.Ned4 Nd6 29.f5 Rxc1
30.Rxc1 Nxf5 31.Nxf5 exf5 32.Rc5 d4 33.Rd5 b4 34.Nxd4 Ra8 35.Nc6 Rxa2 36.Nxb4 Ra1+
37.Kg2 f4 38.Nd3 fxg3 39.fxg3 Kf8 40.b4 Rb1 41.b5 Ke7 42.Kf3 Rf1+ 43.Ke4 Rb1
44.h5 g6 45.Rc5 Kd7 46.Rc6 Rxb5 47.Rxf6 Ke7 48.Rf3 Rxh5 49.Ne5 f5+ 50.Kd5 Kf6
51.Rb3 Rg5 52.Rb6+ Kg7 53.Rb7+ Kg8 54.Ke6 Rxg3 55.Nd7 Re3+ 56.Kf6 h5 57.Rb8+  1-0

[Event "Lone Pine op"]
[Site "Lone Pine"]
[Date "1978.??.??"]
[Round "5"]
[White "Christiansen, Larry Mark"]
[Black "Olafsson, Helgi"]
[Result "0-1"]
[WhiteElo "2500"]
[BlackElo "2420"]

1.c4 Nf6 2.Nc3 c5 3.Nf3 d5 4.cxd5 Nxd5 5.e3 Nxc3 6.bxc3 g6 7.Bc4 Bg7 8.h4 h6
9.Qc2 Qc7 10.Rb1 b6 11.Bd5 Nc6 12.c4 O-O 13.h5 g5 14.Bb2 e6 15.Bxc6 Qxc6
16.Bxg7 Kxg7 17.Qc3+ f6 18.Qd3 Qe8 19.a4 e5 20.a5 Bg4 21.Nh2 Bxh5 22.axb6 Bg6
23.e4 Qc6 24.f3 axb6 25.Ng4 Rfd8 26.Qb3 Bxe4 27.Rxh6 Rd6 28.Kf2 Rxd2+ 29.Kg3 Raa2
30.Rg1 Bg6 31.Qe3 Qd6 32.Kh2 Qd3 33.Qxd3 Rxd3 34.Rb1 Rdd2 35.Rxb6 Rxg2+ 36.Kh3 Rxg4
37.Rxg6+  0-1

[Event "Lone Pine op"]
[Site "Lone Pine"]
[Date "1978.??.??"]
[Round "8"]
[White "Commons, Kim S"]
[Black "Petursson, Margeir"]
[Result "1/2-1/2"]
[WhiteElo "2485"]
[BlackElo "2350"]

1.Nf3 Nf6 2.c4 e6 3.Nc3 c5 4.e3 Nc6 5.d4 d5 6.cxd5 exd5 7.Be2 Be7 8.O-O O-O
9.dxc5 Bxc5 10.b3 Be6 11.Na4 Bd6 12.Bb2 Ne4 13.Rc1 Qe7 14.Nd4 Rac8 15.g3 Bh3
16.Re1 Bb4 17.Nxc6 bxc6 18.Qd4 f6 19.Red1 Bd6 20.Rxc6 Be6 21.Rdc1 Rxc6 22.Rxc6 Qd7
23.Rc1 Bf7 24.Bf3 Be5 25.Qd1 Qf5 26.Rc2 h5 27.Bg2 Rd8 28.f3 Ng5 29.f4 Bxb2
30.Nxb2 Ne4 31.Rc7 Re8 32.Nd3 Qe6 33.Qc1 h4 34.gxh4 Qg4 35.Nf2 Nxf2 36.Kxf2 d4
37.e4 d3 38.Qe3 Rd8 39.Qd2 Bh5 40.Rc1 Qxh4+ 41.Kg1 Be2 42.b4 g5 43.Bf1 Qg4+
44.Kf2 Qf3+ 45.Kg1 Qg4+ 46.Kf2 Qf3+ 47.Kg1 Re8 48.Bxe2 dxe2 49.Qd5+ Kh8 50.Qf5 Qe3+
51.Kg2 Qxe4+ 52.Qxe4 Rxe4 53.Re1 g4 54.f5 Kg7 55.Kf2 Kh6 56.Rxe2 Rxb4 57.Re6 Rb6
58.Rxb6 axb6 59.Ke3 Kg5 60.Ke4 Kh4 61.Ke3 Kh5 62.Kf4 b5 63.a3 Kh4 64.Ke3 Kg5
65.Ke4 Kh4 66.Ke3 Kg5 67.Ke4 Kh6 68.Ke3 Kh5 69.Kf4 Kh4 70.Ke3  1/2-1/2

[Event "Lone Pine op"]
[Site "Lone Pine"]
[Date "1978.??.??"]
[Round "8"]
[White "Gheorghiu, Florin"]
[Black "Peters, John A"]
[Result "1/2-1/2"]
[WhiteElo "2520"]
[BlackElo "2430"]

1.c4 Nf6 2.Nc3 c5 3.Nf3 d5 4.cxd5 Nxd5 5.e4 Nb4 6.Bc4 e6 7.O-O N8c6 8.d3 Na5
9.Bb5+ Nbc6 10.d4 cxd4 11.Nxd4 Bd7 12.Bf4 a6 13.Be2 Qf6 14.Nxc6 Nxc6 15.Qd2 Qd4
16.Rad1 Qxd2 17.Rxd2 Bc5 18.Rfd1 O-O-O 19.Na4 Ba7 20.Bd6 Nd4 21.Nc3 Nxe2+
22.Nxe2 Bc6 23.e5 Bb8 24.Nd4 Bxd6 25.Nxc6 bxc6 26.Rxd6 Rxd6 27.Rxd6 Kc7 28.Rd3 Rd8
29.Rxd8 Kxd8 30.Kf1 Kc7 31.Ke2 Kb6 32.Kd3 Kc5 33.Kc3 g5 34.Kb3 Kb5  1/2-1/2

[Event "Lvov zt"]
[Site "Lvov"]
[Date "1978.??.??"]
[Round "1"]
[White "Balashov, Yuri S"]
[Black "Dorfman, Josif D"]
[Result "1-0"]
[WhiteElo "2590"]
[BlackElo "2550"]

1.c4 Nf6 2.Nc3 c5 3.Nf3 d5 4.cxd5 Nxd5 5.d4 Nxc3 6.bxc3 g6 7.e3 Bg7 8.Bd3 O-O
9.O-O Qa5 10.Bb2 cxd4 11.cxd4 Nc6 12.Nd2 Bf5 13.Nb3 Qd5 14.Ba3 Rfc8 15.Rc1 Bxd3
16.Qxd3 e6 17.Rfd1 Na5 18.e4 Qh5 19.d5 Nc4 20.dxe6 Nxa3 21.Rxc8+ Rxc8 22.Qd7 Rb8
23.Qxf7+ Kh8 24.Rd7 Be5 25.g3  1-0

[Event "Lvov zt"]
[Site "Lvov"]
[Date "1978.??.??"]
[Round "11"]
[White "Vaganian, Rafael A"]
[Black "Beliavsky, Alexander G"]
[Result "1-0"]
[WhiteElo "2570"]
[BlackElo "2545"]

1.Nf3 Nf6 2.c4 c5 3.Nc3 g6 4.g3 Bg7 5.Bg2 O-O 6.d4 d5 7.dxc5 dxc4 8.Qxd8 Rxd8
9.Ne5 Nfd7 10.Nxc4 Nxc5 11.Be3 Nba6 12.Rc1 Be6 13.Na5 Bxc3+ 14.Rxc3 Bd5 15.O-O b6
16.Nc6 Bxg2 17.Kxg2 Rd6 18.Nd4 Nc7 19.b4 N5a6 20.Rfc1 Nd5 21.Rc8+ Rd8 22.Rxa8 Rxa8
23.a3 Nxe3+ 24.fxe3 Rd8 25.Nb5 Rd7 26.Rc8+ Kg7 27.Ra8 Rd5 28.Nxa7 Nc7 29.Rb8 Rd2
30.Kf2 Ra2 31.Rb7 Nd5 32.Nb5 Rc2 33.Rd7 Nc3 34.Nxc3 Rxc3 35.Rxe7 Rxa3 36.Rb7 Kf6
37.Rxb6+ Ke5 38.Rb7 Ke6 39.Rc7 Rb3 40.Rc4 h5 41.Kf3 Kd6 42.Rd4+ Ke6 43.Rc4 Kd6
44.h4 Kd7 45.Kf4 Rb2 46.Kf3 Rb3 47.Rd4+ Ke7 48.Re4+ Kd6 49.Rd4+ Ke7 50.Ke4 Ke6
51.Kf4 Rb2 52.Kf3 Rb3 53.Ke4 Rc3 54.Kf4 Rc2 55.Kf3 Rb2 56.e4 Rb3+ 57.Kf4 Rb2
58.e5 Rxe2 59.Rd6+ Ke7 60.b5 Rb2 61.b6 Rb4+ 62.Ke3 Rb3+ 63.Kd4 Rxg3 64.Kc5 Rc3+
65.Kb4 Rc1 66.Rd3 Rc8 67.Kb5 Ke6 68.Rf3 Rb8 69.Rf6+ Kxe5 70.Rxf7 Ke6 71.Rf1 Ke7
72.Rg1 Kf6 73.Rg5  1-0

[Event "CSR-ch"]
[Site "Marianske Lazne"]
[Date "1978.??.??"]
[Round "1"]
[White "Ftacnik, Lubomir"]
[Black "Meduna, Eduard"]
[Result "1-0"]
[WhiteElo "2380"]
[BlackElo "2425"]

1.c4 c5 2.Nf3 Nf6 3.Nc3 e6 4.g3 b6 5.Bg2 Bb7 6.O-O Be7 7.Re1 d5 8.cxd5 Nxd5
9.e4 Nb4 10.d4 cxd4 11.Nxd4 O-O 12.a3 N4c6 13.e5 a6 14.Be3 Ra7 15.Nxc6 Bxc6
16.Qxd8 Bxd8 17.Rad1 Bc7 18.f4 Bxg2 19.Kxg2 Rd8 20.Na4 Rb7 21.Bxb6 Rd5 22.Rxd5 exd5
23.Rc1  1-0

[Event "CSR-ch+"]
[Site "Marianske Lazne"]
[Date "1978.??.??"]
[Round "3"]
[White "Banas, Jan"]
[Black "Jansa, Vlastimil"]
[Result "1/2-1/2"]
[WhiteElo "2385"]
[BlackElo "2505"]

1.c4 Nf6 2.Nf3 c5 3.Nc3 e6 4.g3 b6 5.Bg2 Bb7 6.d4 cxd4 7.Qxd4 Be7 8.O-O d6
9.b3 a6 10.Ba3 Nc6 11.Qf4 Qc7 12.Rfd1 Ne5 13.Nxe5 dxe5 14.Qc1 Bxg2 15.Kxg2 O-O
16.Bxe7 Qxe7 17.Qe3 Qc7 18.f3 Rad8 19.Rxd8 Rxd8 20.Rd1 Rxd1 21.Nxd1 Nd7 22.Qe4 Qc8
23.Nf2 f5 24.Qd3 Qc7  1/2-1/2

[Event "CSR-ch"]
[Site "Marianske Lazne"]
[Date "1978.??.??"]
[Round "6"]
[White "Ftacnik, Lubomir"]
[Black "Jankovec, Ivan"]
[Result "1-0"]
[WhiteElo "2380"]
[BlackElo "2370"]

1.c4 Nf6 2.Nf3 c5 3.Nc3 e6 4.g3 b6 5.Bg2 Bb7 6.O-O d6 7.Re1 Be7 8.e4 O-O
9.d4 cxd4 10.Nxd4 Ne8 11.b3 Nd7 12.Bb2 a6 13.Qe2 Qc7 14.Rad1 g6 15.f4 Ng7
16.Nf3 Rfe8 17.e5 dxe5 18.fxe5 Rad8 19.Ne4 Bxe4 20.Qxe4 Nc5 21.Qe2 Nf5 22.g4 Nh4
23.Nd4 Nxg2 24.Kxg2 Rd7 25.Nf3 Red8 26.Rxd7 Rxd7 27.Bd4 Qc6 28.Kg3 a5 29.Qe3 b5
30.cxb5 Qxb5 31.Rc1 Rd5 32.h4 Kg7 33.g5 Nd7 34.Rc7 a4 35.bxa4 Qxa4 36.Ra7 Qd1
37.Qf4 Qd3 38.a4 Bd8 39.Ra8 Be7 40.Qf6+  1-0

[Event "CSR-ch"]
[Site "Marianske Lazne"]
[Date "1978.??.??"]
[Round "9"]
[White "Banas, Jan"]
[Black "Gross, Stefan"]
[Result "0-1"]
[WhiteElo "2385"]
[BlackElo "2355"]

1.Nf3 Nf6 2.c4 c5 3.Nc3 e6 4.g3 Be7 5.Bg2 O-O 6.O-O a6 7.b3 Qa5 8.Bb2 Rd8
9.d4 cxd4 10.Nxd4 Nc6 11.e3 Rb8 12.Qe2 Nxd4 13.exd4 d6 14.Rfe1 b5 15.d5 bxc4
16.Qxc4 e5 17.h3 Bf5 18.g4 Bg6 19.Bf1 Ra8 20.b4 Qb6 21.a3 Nd7 22.Na4 Qb8
23.Rac1 Bg5 24.Ra1 Rc8 25.Qe2 Rc2 26.Qf3 Qa7 27.Re2 Rac8 28.Rxc2 Rxc2 29.Re1 Nf6
30.Re2 Rc4 31.Qb3 Rc8 32.Nc3 h5 33.b5 axb5 34.Nxb5 Qd7 35.Qb4 hxg4 36.hxg4 e4
37.Bh3 Nxd5 38.Qxd6 Qxb5 39.Bf1 Rd8  0-1

[Event "CSR-ch"]
[Site "Marianske Lazne"]
[Date "1978.??.??"]
[Round "12"]
[White "Ftacnik, Lubomir"]
[Black "Novak, Ivan"]
[Result "1-0"]
[WhiteElo "2380"]
[BlackElo "2355"]

1.c4 Nf6 2.Nc3 c5 3.Nf3 d5 4.cxd5 Nxd5 5.e3 Nc6 6.Bc4 Nb6 7.Bb5 Bd7 8.d4 cxd4
9.exd4 a6 10.Be2 e6 11.O-O Be7 12.a3 O-O 13.Qd3 Nd5 14.Qe4 Bf6 15.Bd3 g6
16.Bh6 Re8 17.Nxd5 exd5 18.Qf4 Re6 19.Rfe1 Qb8 20.Qxb8+ Rxb8 21.Be3 Rc8 22.Rac1 Ree8
23.h3 Na5 24.Bg5 Rxc1 25.Rxc1 Bxg5 26.Nxg5 Nc6 27.Nf3 Kg7 28.Rc5 Be6 29.Bxa6 Nxd4
30.Nxd4 bxa6 31.b4 Kf6 32.Ra5 Bc8 33.Rxd5 Re1+ 34.Kh2 Bb7 35.Rd7 Be4 36.Nb3 Re2
37.Kg3 g5 38.Nc5  1-0

[Event "Kringsja"]
[Site "Oslo"]
[Date "1978.??.??"]
[Round "4"]
[White "Orseth, Dag S"]
[Black "Ornstein, Axel"]
[Result "0-1"]
[WhiteElo "2200"]
[BlackElo "2425"]

1.Nf3 c5 2.c4 Nf6 3.Nc3 e6 4.g3 b6 5.Bg2 Bb7 6.O-O a6 7.b3 d6 8.Bb2 Be7 9.d4 cxd4
10.Qxd4 Nbd7 11.e4 O-O 12.Qe3 Qb8 13.Nd4 Ra7 14.Rfd1 Ba8 15.Rac1 Re8 16.Qe2 Bf8
17.Qf1 g6 18.Re1 Rc7 19.Kh1 Bg7 20.f4 Rc5 21.Ba3 Rh5 22.Nf3 b5 23.cxb5 axb5
24.Bb4 Ng4 25.Re2 Nc5 26.e5 Rc8 27.Qg1 Nd3 28.Bxd6 Nxc1 29.Bxb8 Nxe2 30.Nxe2 Bxf3
31.Bxf3 Rxh2+ 32.Qxh2 Nxh2 33.Kxh2 Rxb8 34.Nd4 b4 35.Nc6 Rb6 36.g4 Bf8 37.Kg3 Ra6
38.Be4 Rxa2 39.Bd3 Rb2 40.Bc4 Bc5 41.f5 gxf5 42.gxf5 exf5 43.Nd8 Rc2 44.Bxf7+ Kf8
45.e6 Be7  0-1

[Event "Rubinstein mem"]
[Site "Polanica Zdroj"]
[Date "1978.??.??"]
[Round "7"]
[White "Schmidt, Wlodzimierz"]
[Black "Boensch, Uwe"]
[Result "1/2-1/2"]
[WhiteElo "2505"]
[BlackElo "2490"]

1.Nf3 Nf6 2.c4 c5 3.Nc3 e6 4.d4 cxd4 5.Nxd4 a6 6.e4 Qc7 7.a3 Nc6 8.Be3 b6
9.Rc1 Nxd4 10.Bxd4 Bd6 11.Bd3 Bb7 12.Qe2 Be5 13.Bxe5 Qxe5 14.O-O O-O 15.f4 Qc5+
16.Kh1 d6 17.b4 Qc7 18.e5 Nd7 19.Rfe1 dxe5 20.fxe5 Rfd8 21.Rcd1 Nf8 22.Qf2 Ng6
23.Bxg6 hxg6 24.Na4 Rxd1 25.Rxd1 Rd8 26.Rxd8+ Qxd8 27.Nxb6 Qd1+ 28.Qg1 Qe2
29.h3 Qxe5 30.Qf2 Qa1+ 31.Kh2 Qxa3 32.Qd2 Kh7 33.c5 Qa1 34.Qf4 f6 35.Nd7 Qb2
36.Qh4+ Kg8 37.Qg4 Kf7 38.Nb8 Qc2 39.Qg3 e5 40.Qg4 f5 41.Qg5 Qe4 42.Nd7 Bc6
43.Nb8 Bb7 44.Nd7 Ke8 45.c6 Bxc6 46.Nc5 Qf4+ 47.Qxf4 exf4 48.Nxa6 Ke7 49.h4 Kd6
50.Nc5 Ke5 51.Kg1 Kf6 52.Kf2 g5 53.hxg5+ Kxg5 54.Ne6+ Kf6 55.Nxf4 g5 56.Ne2 Ke5
57.g3  1/2-1/2

[Event "Rubinstein mem"]
[Site "Polanica Zdroj"]
[Date "1978.??.??"]
[Round "11"]
[White "Schmidt, Wlodzimierz"]
[Black "Diesen, Mark C"]
[Result "1/2-1/2"]
[WhiteElo "2505"]
[BlackElo "2220"]

1.Nf3 Nf6 2.c4 c5 3.Nc3 e6 4.d4 cxd4 5.Nxd4 a6 6.g3 Qc7 7.Qa4 b6 8.Bg2 Bb7
9.Bf4 Qc8 10.e4 Nc6 11.Nxc6 Qxc6 12.Qxc6 Bxc6 13.O-O Rc8 14.Rac1 Nh5 15.Be3 Bc5
16.Bxc5 bxc5 17.e5 Ke7 18.Rcd1 Bxg2 19.Kxg2 Rc6 20.f4 f5 21.Rd2 d6 22.Rfd1 Rd8
23.Kf3 g6 24.Ke3 h6 25.Kf3 Ng7 26.h3 Ne8 27.g4 Rcc8 28.gxf5 gxf5 29.Na4 Rc6
30.b3 Rcc8 31.Kg3 Rc6 32.Kh4 Kf7 33.exd6 Nf6 34.Nc3 Rd7 35.Kg3  1/2-1/2